Biggest US States - Statistics

General Stats
  • This quiz has been taken 177 times
  • The average score is 18 of 20
Answer Stats
Area (km2) State % Correct
676,588 Texas
100%
403,466 California
99%
1,477,950 Alaska
97%
376,962 Montana
96%
314,160 New Mexico
94%
294,207 Arizona
92%
284,331 Nevada
92%
178,712 North Dakota
91%
248,608 Oregon
91%
196,350 South Dakota
90%
212,819 Utah
90%
268,432 Colorado
89%
172,120 Washington
89%
214,044 Idaho
87%
198,973 Nebraska
85%
251,470 Wyoming
85%
211,755 Kansas
83%
206,233 Minnesota
78%
177,660 Oklahoma
74%
178,041 Missouri
71%
No matching quizzes found
Score Distribution
Percent of People with Each Score
Percentile by Number Answered
Your Score History
You have not taken this quiz